History of the United States of America during the administrations of James Madison

Պահպանված է:
Մատենագիտական մանրամասներ
Հիմնական հեղինակ: Adams, Henry
Ձևաչափ: Գիրք
Լեզու:Undetermined
Հրապարակվել է: New York, Estados Unidos The Library of America 1986
Խորագրեր:
Ցուցիչներ: Ավելացրեք ցուցիչ
Չկան պիտակներ, Եղեք առաջինը, ով նշում է այս գրառումը!

MARC

LEADER 00000nam a2200000Ia 4500
008 170316s9999 xx 000 0 und d
999 |c 13270  |d 13270 
040 |a cru BVZT 
090 |a E-810 A-1hi 
100 |a Adams, Henry 
245 |a History of the United States of America during the administrations of James Madison 
260 |a New York, Estados Unidos 
260 |b The Library of America 
260 |c 1986 
300 |a 1436 páginas 
650 |a LITERATURA ESTADOUNIDENSE - COLECCIÓN ESPECIAL 
650 |a HISTORIA  |9 90 
942 |c SALA  |h E-810 A-1hi  |2 z